Informační systémy v ČSSR minimum pro práci s informacemi

Salvato in:
Dettagli Bibliografici
Autore principale: Kubík, Jaroslav
Altri autori: Vaculík, Jan
Natura: Libro
Lingua:ceco
Pubblicazione: Praha Novinář 1988
Serie:Knihovnička novináře 44
Tags: Aggiungi Tag
Nessun Tag, puoi essere il primo ad aggiungerne!!

MARC

LEADER 00000nam a2200000 4500
001 c028920
005 20251204121100.7
041 0 |a cze 
044 |a CZ 
245 1 0 |a Informační systémy v ČSSR  |b minimum pro práci s informacemi  |c Jaroslav Kubík, Jan Vaculík 
264 1 |a Praha  |b Novinář  |c 1988 
300 |a 184 s. 
490 1 |a Knihovnička novináře  |v 44 
830 0 |a Knihovnička novináře  |v 44 
100 1 |a Kubík, Jaroslav 
700 1 |a Vaculík, Jan